000 00723 a2200205 4500
010 _aENG-89867
020 _a8124113943
_c395.00
035 _aEN-73400
037 _bDBAD / PUB
082 1 4 _a327.540547
090 _c11910
_d11910
100 1 _aPuri, Rajinder
245 1 _aA tale of two countries:
_bchronicles of columnist 2004-2008/
_cby Rajinder Puri
260 _aNew Delhi
_bHar-Anand Publications
_c2008
270 _aE-49/3, Okhla Induatrial Area, Phase-II
_bNew Delhi
_e110020
_k41603490
_l41708607
300 _a207p.
_c22 cm. (Hb)
500 _aIncludes index.
942 _adpl
_cEN
_k 327.540547/ PUR
999 _c11556
_d11556